Rosco Especial #2 - Champions League - Estadísticas

Estadísticas generales
  • Esta prueba ha sido intentada 466 veces
  • La puntuación promedio es 19 de 26
Estadísticas de respuestas
Letra Enunciado Respuesta % Correcto
C Es el máximo goleador de dicha competición, con un total de 140 goles Cristiano Ronaldo
98%
D Jugador que anotó el gol en la final de Champions League con el Chelsea, para empatar el partido frente al Bayern Munich, en la temporada 2011/12 Didier Drogba
93%
J Equipo con mas finales perdidas de la historia de dicha competición, con un total de 7 Juventus
92%
M Equipo inglés, que se encuentra mas alto en la clasificación histórica de la Champions League (desde 1992 hasta la actualidad) Manchester United
92%
Q Cantidad de Copa de Europa y Champions League que posee el Real Madrid Quince (15)
90%
O Apodo conocido en los países hispano-hablantes, el trofeo de la Champions League. Orejona
89%
V Primera vez en una final Champions League, en enfrentarse dos equipos del mismo país. Se enfrentó Real Madrid vs … (nombra el equipo faltante) Valencia
88%
X Detrás de Lionel Messi, es el segundo jugador con mas partidos disputados en Champions League, con el Barcelona Xavi Hernández
88%
L Equipo que resultó ganador, en la final de Champions League que popularmente se lo conoce a dicho acontecimiento como "El milagro de Estambul" Liverpool
87%
F Primer equipo italiano en disputar una final en dicha competición Fiorentina
86%
G Jugador que marcó un doblete en la final de Champions League 2017/18 Gareth Bale
83%
I Es el arquero con más partidos disputados en Champions League Iker Casillas
83%
W Estadio que albergó más finales de Copa de Europa/ Champions League en la historia Wembley Stadium
83%
U País en donde se jugó la final de Champions League en la temporada 2017/18 (Real Madrid 3 – Liverpool 1) Ucrania
82%
N Bicampeón de Copa de Europa en las temporadas 1978/79 y 1979/80 Nottingham Forest
80%
T Es el jugador alemán con mayor cantidad de goles y partidos disputados en la historia de Champions League Thomas Müller
79%
B Segundo equipo en obtener la Copa de Europa Benfica
74%
A Equipo que disputó y perdió 3 finales de Copa de Europa/Champions League, siendo incapaz de alzarse con el titulo hasta el dia de hoy Atlético Madrid
73%
H Equipo campeón de Copa de Europa en la temporada 1982/83 Hamburgo S.V.
70%
Y Pais en donde se jugo la final de champions 1972/73 (Ajax 1 – Juventus 0) Yugoslavia
70%
K Es el jugador francés con mayor cantidad de goles en Champions League Karim Benzema
68%
P Es el jugador en participar en más finales de Copa de Europa en la historia, con un total de 8 finales disputadas Francisco "Paco" Gento
45%
E Equipo que recibió en una final, la mayor goleada en la historia de la competición Eintracht Frankfurt
36%
S Junto a Clarence Seedorf, son los únicos jugadores en ganar más Champions League con distintos equipos (3 equipos). Samuel Eto’o
32%
Z Mediocampista brasilero, en conseguir la Champions League con el Real Madrid en la temporada 1997/98 Zé Roberto
29%
R Nombre del jugador en convertir el gol más rápido en la historia de la Champions League, en la temporada 2007, en un tiempo record de 10 segundos, jugando para el Bayern Munich y enfrentando al Real Madrid (de nacionalidad Neerlandés) Roy Makaay
25%
No se encontraron pruebas coincidentes
Distribución de puntuación
Porcentaje de gente con cada puntuación
Porcentaje por número respondido
Historial de tus puntuaciones
No has intentado esta prueba.